| 000 | 00392nam a22001337a 4500 | ||
|---|---|---|---|
| 008 | 230818b |||||||| |||| 00| 0 eng d | ||
| 020 | _a978-1581123722 | ||
| 050 |
_aBV444.7 _b.G73 2007 |
||
| 100 | _aGraves, Joel Curtis | ||
| 245 |
_aLeadership paradigms in chaplaincy _cJoel Curtis Graves |
||
| 260 |
_aBoca Raton, Florida _bDissertation.com _c2007 |
||
| 300 | _avi, 223p. | ||
| 942 |
_2lcc _cBK |
||
| 999 |
_c20253 _d20252 |
||